000 00371 a2200169 4500
001 186511
020 _a85-7311-997-7
040 _cMagnum
100 _aPonte- Menéndez Maria
240 1 0 _aUm presente para jesus
_lpor
245 1 0 _aUm presente para jesus
300 _a22
362 0 _a1999
440 1 _aPaulinas
697 _aLITERATURA INFANTIL
942 _cBK
999 _c186511
_d186511